000 00599nam a22002057a 4500
005 20260318132125.0
008 260318b |||||||| |||| 00| 0 eng d
037 _cTB
040 _aCRL
_cCRL
041 _2eng
_aeng
084 _aT4.281,e4DUjN22:(V:8) R5
245 _aVice regal lodge: a heritage
260 _aDelhi, India:
_bUniversity of Delhi,
_c2025.
300 _a122p.
365 _b150
_cINR
650 _aEducation
650 _aHigher Education
942 _2CC
_cTB
_hT4.281,e4DUjN22:(V:8) R5
_n0
999 _c1715685
_d1715685